Actores célebres

Saved in:
Bibliografiske detaljer
Hovedforfatter: Breyter, Perla Minuchín de (Author)
Format: Bog
Sprog:spansk
Udgivet: Lima Central Peruana de Publicaciones 1960
Serier:Grandes Figuras de la Humanidad, 5
Fag:
Tags: Tilføj Tag
Ingen Tags, Vær først til at tagge denne postø!

MARC

LEADER 00000nam a2200000 a 4500
001 UCT3329
003 CL-VaPUC
008 961018e19600000PE |||||||||||||||||spa|d
082 0 4 |a 920  |b BRE  |2 21 
100 0 |a Breyter, Perla Minuchín de  |e author  |9 372253 
245 1 0 |a Actores célebres 
300 |a 472 p 
942 |c BK 
945 |d 19961018 00:00:00  |a lriquelm 
260 |a Lima  |b Central Peruana de Publicaciones  |c 1960 
650 0 |a Actores   |9 302313 
650 0 |a Biografías  |9 255210 
650 7 |a BAILARINES  |2 CL-VaPUC  |9 372255 
650 7 |a COREOGRAFOS  |2 CL-VaPUC  |9 372256 
650 7 |a DIRECTORES DE TEATRO  |2 CL-VaPUC  |9 372257 
650 0 |a Directores de cine  |9 368705 
650 7 |a MIMO  |2 CL-VaPUC  |9 372258 
583 |a last modification  |c 19961018 00:00:00  |k Rodrigo Vera 
490 0 |a Grandes Figuras de la Humanidad, 5 
999 |c 253021  |d 253019 
952 |0 0  |1 0  |4 0  |6 920_000000000000000_BRE_1960  |7 0  |8 X  |9 273345  |a BIBCUR  |b BIBCUR  |d 2019-11-19  |i 1767755  |o 920 BRE 1960  |p 1767755  |r 2025-04-22  |w 2019-11-19  |y BK_X  |k BCB